00418pam a2200157 a 4500020000500000040002500005041001300030082001300043100002400056245007000080250001500150260003200165300001300197365001200210653003800222 c aMedical College Lib. aENGhENG a617bBAI a Russ., R. C. G. . aBailey & Love`s Short Practice Of Surgery / chTextual Documents a23th / b. aLondon : bArnold , c2000. a426 ; c a2322.00 aSurgeryaSurgeryaMedical Science